Best mma coaches - Statistics

General Stats
  • This quiz has been taken 20 times
  • The average score is 6 of 15
Answer Stats
Notable fighters Answer % Correct
Khabib Nurmagomedov, Islam makhachev, Luke Rockhold, Daniel Cormier, Cain Velasquez Javier Mendez
76%
Khabib Nurmagomedov, Usman nurmagomedov, Islam Makhachev, Umar Nurmagomedov, Ikram Aliskerov Abdulmnap Nurmagomedov
65%
Justin gaethje, Corey Sandhagen, Kamaru Usman, Rose namajunas Trevor Wittman
59%
Jon Jones, Clarissa Shields, Holly Holm, Michelle Waterson-Gomez Caraig Jackson
53%
Sean Strickland, Miesha Tate,Francis Nganou,Chris Curtis, Tatiana Suarez Eric nicksick
41%
Al Iaquinta, Aljamain sterling, Merab dvalishvilli, Chris weidman Matt Serra/ Ray Lango
41%
Cody garbrandt, Maycee Barber, Li jingling, Song yadong Urijah Faber
41%
Anthony Pettis, Ben askren Duke Roufus
35%
Michael Chandler, Kamaru Usman, Shavkat rahkmanov Henry hooft
35%
Dustin poirer, Jorge Masvidal, Joanna Jędrzejczyk Mike brown
35%
BJ Penn, Michael Bisping, Cris Cyborg,RDA, Tito Ortiz, Luke rockhold, Mackenzie Dern Jason parillo
24%
Khalil rountree, Merab dvalishvilli, Aljamain sterling John wood
18%
Henry cejudo, Tracy Cortez, Jiri Prochazka,Paulo costa Eric albericin
12%
Israel Adesanya, Dan hooker, Kai Kara France Eugene baremen
12%
Conor Mcgregor, Ian machado Garry, Dillon Danis, Brad katona John kavegnah
12%
No matching quizzes found
Score Distribution
Percent of People with Each Score
Percentile by Number Answered
Your Score History
You have not taken this quiz